000 00231nam a22000857a 4500
008 230921b |||||||| |||| 00| 0 eng d
020 _a9781421582559
100 _aKusaka Hidenori
_97698
245 _aPokemon Adventures (Special Edition)-4
999 _c12425
_d12425